| 000 | nam a22 7a 4500 | ||
|---|---|---|---|
| 999 |
_c126905 _d126905 |
||
| 008 | 170905b xxu||||| |||| 00| 0 eng d | ||
| 050 | _aBT315.2.S645 | ||
| 245 |
_aThey laid him in a manger _bA way to the heart of christmas _c/ Translated by David Smith |
||
| 260 |
_aLondon _bNew City _c1990 |
||
| 300 |
_a114p. ; _c20cm. |
||
| 650 |
_aJesus Christ _xNativity _935620 |
||
| 700 |
_aSmith, David _etr. _926427 |
||
| 942 |
_2lcc _cMONOGRAPH |
||